000 00705nmm a2200277 a 4500
003 AR-BaBNM
005 20251128205746.0
008 148019s1995 ||||||||||||||000 | spa||
020 _a0521-26975-X
040 _cAR-BaBNM
100 1 _aNaterop, B. Jean
245 1 0 _aTelephoning in english
250 _a10ยช ed.
260 _aCambridge
_bCambridge University Press
_c1995
300 1 _aiv, 124 p.
_bil.
650 4 _aINGLES
650 4 _aLENGUAS GERMANICAS
650 4 _aENSENANZA DE IDIOMAS
650 4 _aACTIVIDADES DE APRENDIZAJE
650 4 _aGRAMATICA
650 4 _aENSENANZA DEL VOCABULARIO
650 4 _aVOCABULARIO
700 1 _aRevell, Rod
942 _cBK
998 _cMARTIN
999 _c12703
_d12703